| 000 | 00385nam a2200157Ia 4500 | ||
|---|---|---|---|
| 008 | 230711s9999||||xx |||||||||||||| ||und|| | ||
| 041 | _aENG | ||
| 082 |
_a624 _bFR-H |
||
| 100 | _aFreeman,HM | ||
| 245 | 0 | _aHazardous waste minimization | |
| 250 | _a1st | ||
| 260 |
_c1990 _aNew Delhi _bTata McGraw Hill Education Limited |
||
| 300 | _a343 | ||
| 650 | _aCivil Engineering | ||
| 942 | _cBK | ||
| 999 |
_c3348 _d3348 |
||